LEADER 01152nam2-2200385---450- 001 990003390280203316 005 20150123130103.0 010 $a978-1-60327-330-5 035 $a000339028 035 $aUSA01000339028 035 $a(ALEPH)000339028USA01 035 $a000339028 100 $a20100422d2010----km-y0itay50------ba 101 $aeng 102 $aUS 105 $aa---||||001yy 200 1 $aCell-free protein$emethods and protocols$fedited by Yaeta Endo, Kazuyuki Takai, Takuya Ueda 210 $aNew York$cHumana Press$d2010 215 $aXI, 261 p.$cill.$d26 cm 225 2 $aMethods in molecular biology$v607 410 0$1001000336582$aMethods in molecular biology$v, 607 606 0 $aProteine$xSintesi$2BNCF 676 $a572.645 702 1$aENDO,$bYaeta 702 1$aTAKAI,$bKazuyuki 702 1$aUEDA,$bTakuya 801 0$aIT$bsalbc$gISBD 912 $a990003390280203316 951 $a572.645 CEL$b5357 Farm.$c572$d00257642 959 $aBK 969 $aFAR 979 $aPAOLA$b90$c20100422$lUSA01$h1514 979 $aPATRY$b90$c20150123$lUSA01$h1301 996 $aCell-free protein$91126914 997 $aUNISA LEADER 01791nas 2200529 c 450 001 9910143843503321 005 20260218112948.0 024 7 $aurn:nbn:de:hbz:6:2-19559 035 $a(DE-599)ZDB2449166-4 035 $a(OCoLC)645388417 035 $a(DE-101)990280136 035 $a(CKB)1000000000533407 035 $a(DE-599)2449166-4 035 $a(EXLCZ)991000000000533407 100 $a20080904a20089999 |y | 101 0 $ager 135 $aur||||||||||| 181 $ctxt$2rdacontent 182 $cc$2rdamedia 183 $acr$2rdacarrier 200 10$aJahresbericht ... / Landesamt fu?r Natur, Umwelt und Verbraucherschutz Nordrhein-Westfalen (LANUV NRW) 210 31$aRecklinghausen$cLANUV$d2008- 215 $aOnline-Ressource 300 $aGesehen am 19.10.15 311 08$a1867-1411 517 1 $a10 Jahre LANUV 606 $aNaturschutz$3(DE-588)4115348-0$3https://d-nb.info/gnd/4115348-0$3(DE-101)041153480$9rswk-swf$2gnd 606 $aVerbraucherschutz$3(DE-588)4117338-7$3https://d-nb.info/gnd/4117338-7$3(DE-101)041173384$9rswk-swf$2gnd 606 $aUmweltschutz$3(DE-588)4061644-7$3https://d-nb.info/gnd/4061644-7$3(DE-101)040616444$9rswk-swf$2gnd 607 $aNordrhein-Westfalen$9rswk-swf$2gnd 608 $aZeitschrift$2gnd-content 608 $aBericht$2gnd-content 608 $aBericht$9rswk-swf$2gnd 608 $aOnline-Publikation$9rswk-swf$2gnd 615 7$aNaturschutz. 615 7$aVerbraucherschutz. 615 7$aUmweltschutz. 676 $a330 686 $aNordrhein-Westfalen$2nwbib 686 $aUmwelt- und Naturschutz - Allgemeines$2nwbib 801 0$b0466 801 1$bDE-101 801 2$b9999 906 $aJOURNAL 912 $a9910143843503321 996 $aJahresbericht$9415024 997 $aUNINA